Controller Area Network : Basics, Protocols, Chips and Applications /
Gorde:
| Egile nagusia: | |
|---|---|
| Formatua: | Liburua |
| Hizkuntza: | ingelesa |
| Argitaratua: |
Weingarten, Alemania :
IXXAT Automation,
2001, c2001
|
| Gaiak: | |
| Etiketak: |
Etiketarik gabe, Izan zaitez lehena erregistro honi etiketa jartzen!
|
MARC
| LEADER | 00000nam^a2200000^a^4500 | ||
|---|---|---|---|
| 001 | 000136640 | ||
| 005 | 20250521000000.0 | ||
| 009 | 20260310095326.287 | ||
| 020 | |a 3-00-007376-0 | ||
| 037 | |a Acervo ITESO - Biblioteca | ||
| 041 | |a ING | ||
| 082 | |a 629. 89 |b ETS | ||
| 100 | |a Etschberger, Konrad |e (autor) | ||
| 245 | 1 | 0 | |a Controller Area Network : |b Basics, Protocols, Chips and Applications / |c K. Etschberger. |
| 264 | 4 | |a Weingarten, Alemania : |b IXXAT Automation, |c 2001, c2001 | |
| 300 | |a X, 431 p. | ||
| 336 | |a texto |b txt |2 rdacontenido | ||
| 337 | |a sin mediación |b n |2 rdamedio | ||
| 338 | |a volumen |b nc |2 rdasoporte | ||
| 649 | |a XX | ||
| 650 | |a Control Automático | ||
| 650 | |a Control de Procesos | ||
| 650 | |a Proceso Electrónico de Datos | ||
| 650 | |a Ingeniería Electrónica | ||
| 650 | |a Ingeniería Computacional | ||
| 910 | |a Fondo General | ||
| 920 | |a Impresos - Libros | ||
| 930 | |a Colección General | ||
| 905 | |a 101 | ||
| 901 | |a 0500065220 |b IT1 |c ACC |u 20250521 | ||
| 902 | |a https://opac.biblio.iteso.mx/vufind/Record/000136640 | ||